000 01265nam2a22002651 4500
001 rc\924970
005 20250612170507.0
035 _a(NLR Aleph) 008742196
090 _a9536494
_c9536494
100 _a20041129d1982 |||y0rusy50 ca
101 1 _arus
_ceng
102 _aRU
105 _aa |||||||||
200 1 _a[Зверобой, или Первая тропа войны
_eРоман
_fПер. Т. Грица]
210 _d1982
_aБ. м.
215 _a496 с., 4 л. цв. ил.
_d21
461 0 _1001rc\924964
_12001#$aСобрание сочинений$eВ 7 т.$e[Перевод]$fДжеймс Фенимор Купер$g[Сост., общ. ред. и вступ. ст. С. Иванько$gИл. И. Ушакова]$vТ. 6
_1700#1$aКупер$bД.Ф.$gДжеймс Фенимор$f1789-1851
_97914244
_aКупер, Д.Ф. (1789-1851)
_cМ.
_d1982-
_fДжеймс Фенимор Купер
_nПравда
_oВ 7 т. : [Перевод]
_tСобрание сочинений
_vТ. 6
517 0 _aЗверобой, или Первая тропа войны
517 0 _aПервая тропа войны
801 0 _aRU
_bNLR
_gpsbo
801 1 _aRU
_bELAR
_2rusmarc
801 2 _aRU
_bNLR
_c20050717
_2rusmarc
852 _aNLR
_j83-3/1329
942 _cBOOK
980 _aNB